000 01013nam a22002537a 4500
999 _c65387
_d65387
005 20240530110822.0
008 190717s2019 ua g b 000 0 ara d
017 _a11024
_bمصر. دار الكتب
020 _a9789773085551
040 _aEG-CaGPL
_cEG-CaGPL
082 0 4 _221
_a194/
_bأ ج
100 0 _aاميرة عبدالسلام زايد
245 1 0 _aجدلية الفلسفة والتربية :
_b" جان بول سارتر " وفلسفة تربية المقاومة /
_cتاليف اميرة عبدالسلام زايد
250 _aط.1
260 _aالقاهرة :
_bدار العلم والايمان للنشر والتوزيع،
_c2019.
300 _a152 ص.؛
_c24 سم.
504 _aيشتمل على ارجاعات ببليوجرافية
600 1 _aسارتر، جان بول
650 0 7 _2qrmak
_aالفلسفة الغربية
650 0 7 _2qrmak
_aالفلسفة الفرنسية
651 _2qrmak
942 _2ddc
_cBK